Comedies

Bewaard in:
Bibliografische gegevens
Hoofdauteur: WILLIAM SHAKESPEARE
Formaat: Boek
Taal:Undetermined
Gepubliceerd in: London Everyman's Library 1996
Tags: Voeg label toe
Geen labels, Wees de eerste die dit record labelt!
Thư viện lưu trữ: Trung tâm Học liệu Trường Đại học Cần Thơ
LEADER 00413nam a2200157Ia 4500
001 CTU_47278
008 210402s9999 xx 000 0 und d
082 |a 822.33 
082 |b S527c/T2/1996 
100 |a WILLIAM SHAKESPEARE 
245 0 |a Comedies 
245 0 |c WILLIAM SHAKESPEARE 
260 |a London 
260 |b Everyman's Library 
260 |c 1996 
980 |a Trung tâm Học liệu Trường Đại học Cần Thơ